000 00498nam a2200181Ia 4500
003 LDD
008 181101s9999 xx 000 0 und d
020 _a8187666137
_c20.00
040 _cLDD
100 _aDehlavi, Hazrat Daag
245 0 _aMasnavi faryad-e- daag
_cHazrat Daag Dehlavi
260 _aNew Delhi
_bKitabi Duniya
300 _a48p.
901 _a15920
_b17-03-2017
902 _a2840
_b17-03-2017
_cF
_dPIBD
_e8U
903 _a20
_bReqst by : Moh. Akbar
942 _2ddc
_cUR
999 _c154
_d154